Cambodia agricultural development options review (PHASE I) (Record no. 9589)

000 -LEADER
fixed length control field 00222nam a22000977a 4500
040 ## - CATALOGING SOURCE
Transcribing agency SK
082 ## - DEWEY DECIMAL CLASSIFICATION NUMBER
Classification number 338
245 ## - TITLE STATEMENT
Title Cambodia agricultural development options review (PHASE I)
260 ## - PUBLICATION, DISTRIBUTION, ETC. (IMPRINT)
Place of publication CAMBODIA
Name of publisher NA
Year of publication NA
942 ## - ADDED ENTRY ELEMENTS (KOHA)
Koha item type ADB
952 ## - LOCATION AND ITEM INFORMATION (KOHA)
Withdrawn status [LOCAL, KOHA] 0
952 ## - LOCATION AND ITEM INFORMATION (KOHA)
Withdrawn status [LOCAL, KOHA] 0
Holdings
Permanent Location Date acquired Koha item type Lost status Shelving location Barcode Current Location Full call number
Library Block C2016-09-05សៀវភៅភាសាអង់គ្លេស C062A00477Library Block C338 NA NA C062
Library Block C2016-09-05សៀវភៅភាសាអង់គ្លេស C062A00780Library Block C338 NA NA C062
មជ្ឈមណ្ឌលឯការនៃសាកលវិទ្យាល័យភូមិន្ទកសិកម្មចំការដូង

Powered by Koha